000 00580cam a22001932a 4500
001 000984
003 AR-FADEU
008 311216n1993####xxu####################dd
020 _a84-344-1110-5
092 _aD340.1
_bA872t
100 _aAtienza, Manuel
245 _aTras la justicia : Una introducción al Derecho y al Razonamiento jurídico
260 _aBarcelona
260 _bAriel
260 _c1993
300 _a267 p
650 _aSISTEMA JURIDICO; DERECHO-JUSTICIA; LIBERTAD DE EXPRESION; DERECHO A LA VIDA; XENOFOBIA; RASISMO; MIGRACION-DERECHO
942 _cBDGR
999 _c6824
_d6824